Métodos Experimentales para Ingenieros / J. P. Holman (Registro nro. 21802)
[ vista simple ]
| 000 -LÍDER | |
|---|---|
| fixed length control field | 00774nam a2200157 4500 |
| 008 - ELEMENTOS DE LONGITUD FIJA -- INFORMACIÓN GENERAL | |
| fixed length control field | 0 1978 0aent000 0MEX |
| 020 ## - NÚMERO INTERNACIONAL NORMALIZADO PARA LIBROS | |
| ISBN | s/n |
| 082 ## - NUMERO DE CLASIFICACION DECIMAL DEWEY | |
| Número de Clasificación | 620.004 4 H843m |
| 100 ## - ASIENTO PRINCIPAL--NOMBRE PERSONAL | |
| Nombre personal | Holman, J. P. |
| 245 ## - TÍTULO | |
| Título | Métodos Experimentales para Ingenieros / J. P. Holman |
| 260 ## - PUBLICACIÓN, DISTRIBUCIÓN, ETC. (PIE DE IMPRENTA) | |
| Lugar de publicación, distribución, etc. | México : McGraw-Hill |
| 300 ## - DESCRIPCIÓN FÍSICA | |
| Extensión | 447p. / 23cm. |
| 500 ## - NOTA GENERAL | |
| Nota general | Incluye ap‚ndice. |
| 650 ## - ASIENTO SECUNDARIO DE MATERIA - TERMINO TEMÁTICO | |
| Término temático o nombre geográfico como elemento de entrada | 1. ANÁLISIS DE DATOS EXPERIMENTALES \ 2. MEDICIONES ELÉCTRICAS BÁSICAS Y DISPOSITIVOS SENSORES \ 3. MEDICIONES DE DESPLAZAMIENTO Y ÁREA \ 4. MEDICIÓN DE PRESIÓN, GASTO Y TEMPERATURA \ 5. MEDICIONES DE FUERZA, PAR Y DEFORMACIÓN UNITARIA \ 6. MEDICIONES DE RADIACIÓN TÉRMICA Y NUCLEAR |
| 700 ## - ASIENTO SECUNDARIO - NOMBRE PERSONAL | |
| Nombre personal | I. Vega Jimenez, José de Jesús, Tr. \ II. Duarte Muñoz, Carlos Roberto, Tr. |
| No. biblioteca | No. biblioteca | Número de clasificación | Código de barras/Número de adquisición | Número de copia | Tipo de material |
|---|---|---|---|---|---|
| LUIS G. INCLAN | LUIS G. INCLAN | 620.004 4 H843m | 5213 | 1 | Libros |
